[Event "Sueca op 7th"]
[Site "Sueca"]
[Date "2023.08.12"]
[Round "8"]
[White "Miranda Calvo, Max"]
[Black "Balada Moreno, Jose Luis"]
[Result "0-1"]
[WhiteElo "1568"]
[BlackElo "1980"]
[PlyCount "84"]
[EventDate "2023.08.07"]
[EventType "swiss"]
[EventRounds "9"]
[EventCountry "ESP"]
[SourceTitle "CBM 215 Extra"]
[Source "ChessBase"]
[SourceDate "2023.09.30"]
[SourceVersion "1"]
[SourceVersionDate "2023.09.30"]
[SourceQuality "1"]

1. d4 d6 2. Nf3 g6 3. Bf4 Bg7 4. e3 Nd7 5. Nbd2 e5 6. Bg3 Nh6 7. dxe5 dxe5 8. e4 0-0 9. Bc4 Kh8 10. 0-0 Qe7 11. Qe2 f6 12. Ne1 Nf7 13. Nd3 Nd6 14. Bb3 a5 15. a3 Re8 16. Rfe1 Nf8 17. f4 c6 18. fxe5 fxe5 19. h3 b6 20. Nf3 Nd7 21. Rf1 Ba6 22. Bh4 Bf6 23. Bxf6+ Nxf6 24. Nd2 Rad8 25. Rf2 Nh5 26. Qe3 Bxd3 27. cxd3 Nf4 28. Raf1 Nb5 29. Rxf4 exf4 30. Rxf4 Nd4 31. Ba2 Qe5 32. Rg4 Qc5 33. Kh2 Qd6+ 34. Kh1 Nf5 35. Qg5 Ng7 36. Rh4 Re5 37. Nf3 Re7 38. e5 Qd7 39. Qxg6 Nf5 40. Qf6+ Rg7 41. Be6 Qxd3 42. Bxf5 Qf1+ 0-1

[Event "Sueca op 7th"]
[Site "Sueca"]
[Date "2023.08.09"]
[Round "4"]
[White "Gerona Maura, Jesus"]
[Black "Miranda Calvo, Max"]
[Result "1/2-1/2"]
[WhiteElo "1719"]
[BlackElo "1568"]
[PlyCount "90"]
[EventDate "2023.08.07"]
[EventType "swiss"]
[EventRounds "9"]
[EventCountry "ESP"]
[SourceTitle "CBM 215 Extra"]
[Source "ChessBase"]
[SourceDate "2023.09.30"]
[SourceVersion "1"]
[SourceVersionDate "2023.09.30"]
[SourceQuality "1"]

1. e4 e5 2. Nf3 Nc6 3. Bb5 a6 4. Ba4 d6 5. 0-0 Nf6 6. Re1 Bd7 7. c3 g6 8. d4 b5 9. Bb3 Bg7 10. Nbd2 0-0 11. Nf1 Re8 12. d5 Na5 13. Bc2 c6 14. dxc6 Bxc6 15. Ng3 Qc7 16. a4 Rad8 17. Qe2 Nb7 18. c4 b4 19. b3 a5 20. h3 Nc5 21. Nh2 Nfd7 22. Qg4 Ne6 23. Bb2 Ndc5 24. Rad1 Qe7 25. Qe2 Nd4 26. Bxd4 exd4 27. Nf3 d3 28. Bxd3 Nxb3 29. Qa2 Qd7 30. Qxb3 Bxa4 31. Qb1 Bxd1 32. Rxd1 Rb8 33. Be2 a4 34. c5 Qc6 35. cxd6 b3 36. Rc1 Qxd6 37. Bc4 Qb4 38. Ng5 Re7 39. e5 a3 40. Bxb3 Qxb3 41. Rc8+ Bf8 42. Rxb8 Qxb1+ 43. Rxb1 Rxe5 44. N5e4 f5 45. Nc3 Rc5 1/2-1/2

[Event "Sueca op 7th"]
[Site "Sueca"]
[Date "2023.08.07"]
[Round "1"]
[White "Renteria Becerra, Jorge Elicer"]
[Black "Miranda Calvo, Max"]
[Result "1-0"]
[WhiteElo "2210"]
[BlackElo "1568"]
[PlyCount "69"]
[EventDate "2023.08.07"]
[EventType "swiss"]
[EventRounds "9"]
[EventCountry "ESP"]
[SourceTitle "CBM 215 Extra"]
[Source "ChessBase"]
[SourceDate "2023.09.30"]
[SourceVersion "1"]
[SourceVersionDate "2023.09.30"]
[SourceQuality "1"]

1. e4 e5 2. Nf3 Nc6 3. d4 exd4 4. Nxd4 Bc5 5. Nxc6 Qf6 6. Qf3 dxc6 7. Nc3 Bg4 8. Qxg4 Qxf2+ 9. Kd1 Rd8+ 10. Bd3 Nf6 11. Qf3 Qh4 12. g3 Qh3 13. Bg5 Rd6 14. e5 Rxd3+ 15. cxd3 Ng4 16. Ne4 Bd4 17. Kc2 Nxe5 18. Qe2 0-0 19. Be3 Bxe3 20. Qxe3 f5 21. Nf2 Qg2 22. Qxe5 Qxf2+ 23. Kc3 b5 24. Rhf1 b4+ 25. Kb3 Qxh2 26. Qe6+ Kh8 27. Rxf5 Rd8 28. Qd7 Rg8 29. Raf1 a5 30. Rxa5 Qxg3 31. Raf5 Qg4 32. Qxc6 Qd4 33. Qc4 Qd6 34. Qd5 Qe7 35. Re5 1-0

[Event "ESP-ch U14"]
[Site "Salobrena"]
[Date "2021.07.12"]
[Round "2"]
[White "Paton Alvarez, Ivan"]
[Black "Miranda Calvo, Max"]
[Result "1-0"]
[WhiteElo "1789"]
[BlackElo "1295"]
[PlyCount "47"]
[EventDate "2021.07.12"]
[EventType "swiss"]
[EventRounds "9"]
[EventCountry "ESP"]
[SourceTitle "EXT 2022"]
[Source "ChessBase"]
[SourceDate "2021.10.06"]
[SourceVersion "1"]
[SourceVersionDate "2021.10.06"]
[SourceQuality "1"]

1. e4 e5 2. Nf3 Nc6 3. d4 exd4 4. Bc4 Bc5 5. c3 dxc3 6. Bxf7+ Kxf7 7. Qd5+ Ke8 8. Qh5+ g6 9. Qxc5 d6 10. Qxc3 Qf6 11. h3 Kf7 12. 0-0 Be6 13. Ng5+ Ke7 14. Qc2 Bd7 15. Nc3 Ne5 16. Nd5+ Ke8 17. Nxf6+ Nxf6 18. Qxc7 Rc8 19. Qxd6 Nc6 20. Qxf6 Rf8 21. Qg7 Rc7 22. Nxh7 Rf7 23. Nf6+ Ke7 24. Nd5+ 1-0